|
|
|
|
| LEADER |
00000nam a2200000 a 4500 |
| 001 |
vtls001460681 |
| 003 |
SK-MaSNL |
| 005 |
20260301104119.0 |
| 008 |
251117s2001 xo slo |
| 015 |
|
|
|a SNBA2004/02-00695
|
| 020 |
|
|
|a 8070995807
|
| 035 |
|
|
|a SNK000415988
|
| 035 |
|
|
|a urn:nbn:sk:snk-amyf4m
|
| 035 |
|
|
|a urn:nbn:sk:snk-am00cf26
|
| 035 |
|
|
|a 9DBE10F7-AF45-4ED7-AD1A-897D30AAD14F
|
| 040 |
|
|
|a SNK
|b slo
|c SNK
|e AACR2
|
| 041 |
0 |
|
|a slo
|
| 044 |
|
|
|a xo
|c SK
|
| 072 |
|
7 |
|a 336.7
|2 konspekt
|
| 080 |
|
|
|a 336(075.8)
|2 2. slo
|
| 100 |
1 |
|
|a Šoltés, Vincent,
|d 1949-
|4 aut
|9 85946
|
| 245 |
1 |
0 |
|a Finančné deriváty
|c Vincent Šoltés
|
| 250 |
|
|
|a 1. vyd.
|
| 260 |
|
|
|a V Košiciach
|b Technická univerzita
|c 2001
|
| 300 |
|
|
|a 78 s.
|b sch., tab.
|c 30 cm
|
| 500 |
|
|
|a Obalový názov
|
| 500 |
|
|
|a 300 výt.
|
| 504 |
|
|
|a Bibliogr. s. 77
|
| 650 |
0 |
7 |
|a finančné deriváty
|2 SNK
|9 67259
|
| 650 |
0 |
7 |
|a financie
|2 SNK
|9 2205
|
| 650 |
0 |
7 |
|a obchod
|x učebnica
|2 SNK
|9 442337
|
| 650 |
0 |
7 |
|a finančné deriváty
|2 phsnk
|9 67259
|
| 650 |
0 |
7 |
|a kapitálový trh
|2 phsnk
|9 442338
|
| 655 |
|
7 |
|a Textbooks (higher)
|2 SNKPHeng
|9 276436
|
| 655 |
|
7 |
|a učebnice vysokých škôl
|2 SNKPH
|9 70191
|
| 752 |
|
|
|d Košice
|
| 919 |
|
|
|a 80-7099-580-7
|
| 958 |
0 |
7 |
|a NB
|
| 958 |
|
|
|a OND
|
| 968 |
|
|
|d 33
|
| 999 |
|
|
|c 697283
|d 699213
|
| 952 |
|
|
|t P60, <03>, [BOOK], {603}
|a SNK
|b SNK
|y PREZ
|7 0
|p 17A0399094
|o snkSB 67340
|i snkKSP 12613/2003
|0 0
|1 0
|4 0
|d 2003-09-30
|f 1
|l 0
|r 2025-04-16 00:00:00
|w 2026-02-23
|
| 952 |
|
|
|t P60, <04>, [BOOK], {604}
|a SNK
|b SNK
|y VYP
|7 0
|p 17A0399095
|o snkSB 67340 D1
|i snkKSP 12614/2003
|0 0
|1 0
|4 0
|d 2003-09-30
|l 0
|r 2005-01-02 00:00:00
|w 2026-02-23
|